Possibile o Impossible - Viaggi in macchina #2 - Morte improvvisa - Statistics

Statistiche generali
  • Questo quiz è stato fatto 103 volte
  • Il punteggio medio è 3 su 10
Answers on the Grid
Answers color-coded by a green-red scale on the quiz's grid according to % correct below.
Marciana-Portoferraio
Jesolo-Grado
Lipari-Vulcano
Ginostra-Piscità
Piazza Armerina-Castrovillari
Scicli-Partinico
Ortigia-Isola delle Palme
Fiume-Veglia
Ibiza-Formentera
Edimburgo-Bordeaux
Mumbai-Colombo
Giacarta-Kuala Lumpur
Singapore-Hong Kong
Anchorage-Dallas
Melbourne-Hobart
Wellington-Auckland
Miami-Key West
Vancouver-Isola di Vancouver
Houston-Panama
Tegucigalpa-Bogotá
 
Statistiche sulle risposte
Risposta % Corretto
Jesolo-Grado
57%
Houston-Panama
40%
Wellington-Auckland
33%
Singapore-Hong Kong
30%
Fiume-Veglia
20%
Marciana-Portoferraio
20%
Miami-Key West
20%
Anchorage-Dallas
17%
Scicli-Partinico
10%
Ortigia-Isola delle Palme
7%
Nessun quiz corrispondente trovato
Distribuzione punteggi
Percentuale di utenti per punteggio
Percentile per numero di risposta
I tuoi punteggi nel tempo
Non hai fatto questo quiz